Central Library OPAC University of Rajshahi

The Bible, the Qur'an, and science : (Record no. 31686)

MARC details
000 -LEADER
fixed length control field 01110cam a2200301 a 4500
001 - CONTROL NUMBER
control field 31686
003 - CONTROL NUMBER IDENTIFIER
rucl marc code BD-RjUL
005 - DATE AND TIME OF LATEST TRANSACTION
control field 20211209051733.0
008 - FIXED-LENGTH DATA ELEMENTS--GENERAL INFORMATION
fixed length control field 140421s1978 fr b 000 0 eng d
035 ## - SYSTEM CONTROL NUMBER
System control number (BD-RjUL)31774
040 ## - CATALOGING SOURCE
Original cataloging agency DLC
Transcribing agency DLC
Modifying agency DLC
-- BD-RjUL
Language of cataloging eng
041 1# - LANGUAGE CODE
Language code of text/sound track or separate title eng
Language code of original fre
082 00 - DEWEY DECIMAL CLASSIFICATION NUMBER
Classification number 261.55
Edition number 23
Author mark and year BUB 1978
100 1# - MAIN ENTRY--PERSONAL NAME
Personal name Bucaille, Maurice.
9 (RLIN) 96426
245 14 - TITLE STATEMENT
Title The Bible, the Qur'an, and science :
Remainder of title The Holy Scriptures Examind in the Light of Modern Knowledge /
Statement of responsibility, etc. Maurice Bucaille ; translated from the French by Alastair D. Pannell and the author.
260 ## - PUBLICATION, DISTRIBUTION, ETC. (IMPRINT)
Place of publication, distribution, etc. Paris :
Name of publisher, distributor, etc. [S. N.],
Date of publication, distribution, etc. [1978.]
300 ## - PHYSICAL DESCRIPTION
Pagination ix, 223 p. ;
Size 22 cm.
500 ## - GENERAL NOTE
General note Translation of: La Bible, le Coran et la science.
504 ## - BIBLIOGRAPHY, ETC. NOTE
Bibliography, etc Includes bibliographical references.
650 #0 - SUBJECT ADDED ENTRY--TOPICAL TERM
Topical term or geographic name as entry element Bible and science.
9 (RLIN) 96427
Topical term or geographic name as entry element Qurʼan and science.
9 (RLIN) 96428
Topical term or geographic name as entry element Qurʼan
General subdivision Relation to the Bible.
9 (RLIN) 222488
Topical term or geographic name as entry element Religion and science
9 (RLIN) 222489
700 ## - ADDED ENTRY--PERSONAL NAME
Personal name Pannell, Alastair D. , tr.
942 ## - ADDED ENTRY ELEMENTS (KOHA)
Source of classification or shelving scheme Dewey Decimal Classification
Koha item type Books
Holdings
Lost status Source of classification or shelving scheme Damaged status Not for loan Collection code Permanent Location Current Location Shelving location Date acquired Source of acquisition Total Checkouts Full call number Date last seen Copy number Koha item type
  Dewey Decimal Classification   Not For Loan Non-fiction Central Library, University of Rajshahi Central Library, University of Rajshahi Reading Room 13/04/1983 Aisha Baway Karachi   261.55 BUB 1978 21/04/2014 C-1 Books
  Dewey Decimal Classification     Non-fiction Central Library, University of Rajshahi Central Library, University of Rajshahi   13/04/1983 Aisha Baway Karachi   261.55 BUB 1978 21/04/2014 C-2 Books
  Dewey Decimal Classification     Non-fiction Central Library, University of Rajshahi Central Library, University of Rajshahi   13/04/1983 Aisha Baway Karachi   261.55 BUB 1978 13/09/2018 C-3 Books
  Dewey Decimal Classification     Non-fiction Central Library, University of Rajshahi Central Library, University of Rajshahi   13/04/1983 Aisha Baway Karachi   261.55 BUB 1978 13/09/2018 C-4 Books